Normal view
MARC view
Entry Personal Name
001 - CONTROL NUMBER
- control field: 270
003 - CONTROL NUMBER IDENTIFIER
- control field: ARRUPE
005 - DATE AND TIME OF LATEST TRANSACTION
- control field: 20130917132056.0
008 - FIXED-LENGTH DATA ELEMENTS
- fixed length control field: 130917|| aca||aabn | a|a d
040 ## - CATALOGING SOURCE
- Original cataloging agency: ARRUPE
- Transcribing agency: ARRUPE
100 ## - HEADING--PERSONAL NAME
- Personal name: Lohfink, Gerhard,
- Dates associated with a name: 1934-
670 ## - SOURCE DATA FOUND
- Source citation: Work cat.: (ARRUPE)0: Lohfink, Gerhard, 1934-, The last day of Jesus :, c1984.